Systemic Risks and the Macroeconomy /

This paper presents a modeling framework that delivers joint forecasts of indicators of systemic real risk and systemic financial risk, as well as stress-tests of these indicators as impulse responses to structural shocks identified by standard macroeconomic and banking theory. This framework is imp...

Descripción completa

Detalles Bibliográficos
Autor principal: Lucchetta, Marcella
Otros Autores: De Nicolo, Gianni
Formato: Revista
Lenguaje:English
Publicado: Washington, D.C. : International Monetary Fund, 2010.
Colección:IMF Working Papers; Working Paper ; No. 2010/029
Acceso en línea:Full text available on IMF
LEADER 02117cas a2200253 a 4500
001 AALejournalIMF006270
008 230101c9999 xx r poo 0 0eng d
020 |c 5.00 USD 
020 |z 9781451962567 
022 |a 1018-5941 
040 |a BD-DhAAL  |c BD-DhAAL 
100 1 |a Lucchetta, Marcella. 
245 1 0 |a Systemic Risks and the Macroeconomy /  |c Marcella Lucchetta, Gianni De Nicolo. 
264 1 |a Washington, D.C. :  |b International Monetary Fund,  |c 2010. 
300 |a 1 online resource (41 pages) 
490 1 |a IMF Working Papers 
500 |a <strong>Off-Campus Access:</strong> No User ID or Password Required 
500 |a <strong>On-Campus Access:</strong> No User ID or Password Required 
506 |a Electronic access restricted to authorized BRAC University faculty, staff and students 
520 3 |a This paper presents a modeling framework that delivers joint forecasts of indicators of systemic real risk and systemic financial risk, as well as stress-tests of these indicators as impulse responses to structural shocks identified by standard macroeconomic and banking theory. This framework is implemented using large sets of quarterly time series of indicators of financial and real activity for the G-7 economies for the 1980Q1-2009Q3 period. We obtain two main results. First, there is evidence of out-of sample forecasting power for tail risk realizations of real activity for several countries, suggesting the usefulness of the model as a risk monitoring tool. Second, in all countries aggregate demand shocks are the main drivers of the real cycle, and bank credit demand shocks are the main drivers of the bank lending cycle. These results challenge the common wisdom that constraints in the aggregate supply of credit have been a key driver of the sharp downturn in real activity experienced by the G-7 economies in 2008Q4- 2009Q1. 
538 |a Mode of access: Internet 
700 1 |a De Nicolo, Gianni. 
830 0 |a IMF Working Papers; Working Paper ;  |v No. 2010/029 
856 4 0 |z Full text available on IMF  |u http://elibrary.imf.org/view/journals/001/2010/029/001.2010.issue-029-en.xml  |z IMF e-Library